000 00352nam a2200133Ia 4500
008 151001s9999||||xx |||||||||||||| ||und||
100 _aवसंत देशमुख
245 _aमधुरिका
250 _a1
260 _bकेशव भिकाजी ढवळे मुंबई
260 _c1969
300 _a164
365 _b18
999 _c955883
_d955880